| 000 | 00578nam a22001817a 4500 | ||
|---|---|---|---|
| 005 | 20251108165033.0 | ||
| 008 | 250721s9999 xx 000 0 ara d | ||
| 082 | 1 | 4 | _a331.1379565/ريم |
| 100 | 1 | _aالريموني، عيسى العابد | |
| 245 | 1 | 0 | _aحلول و إقتراحات لمواجهة مشكلة البطالة في الأردن / |
| 264 | 1 |
_aعمان : _bدار النشر، _c[19-]. |
|
| 300 | _a18ص | ||
| 490 | 0 | _aنحو خطة وطنية للإنقاذ؛1 | |
| 650 | 1 | 7 | _aالبطالة |
| 650 | 1 | 7 | _aالأردن |
| 942 |
_2ddc _cBK |
||
| 999 |
_c20548 _d20548 |
||